Oklahoma State Cowboys Football Trivia - Statistics

General Stats
  • This quiz has been taken 129 times
  • The average score is 6 of 8
Answer Stats
Hint Answer % Correct
Who is the Current Head Coach Mike Gundy
100%
Who is the all-time leading rusher Barry Sanders
96%
What number did Barry Sanders wear 21
76%
Who did the Jacksonville Jaguars take with the 5th pick in 2012 Justin Blackmon
71%
Who did the Cleveland Browns take with the 22nd pick in 2012 Brandon Weeden
70%
Who is the Cowboys all-time leader in passing yards Mason Rudolph
68%
Which OSU coach later went on the University of Miami (FL) and the Dallas Cowboys Jimmy Johnson
62%
Who was Mike Gundys Predesscor Les Miles
51%
No matching quizzes found
Score Distribution
Percent of People with Each Score
Percentile by Number Answered
Your Score History
You have not taken this quiz